00326nam a22001097a 4500003000400000020001800004082001900022100004500041245007200086260005000158300000800208SGT a9789387310865 a891.4309bK19D aढींगरा, सुधा ओम  aखिड़कियों से झांकती आँखे  b शिवना प्रकाशन c2019 a132